Southville International School and Colleges
Your cart is empty.
  • Cart
  • Lists
    Public lists Eva Luna New books Lux_list list_1
    Your lists Log in to create your own lists
  • Log in to your account
  • Your cookies
  • Search history
Southville International School and Colleges
  • Advanced search
  • Recent comments
  • Most popular
  • Libraries

Log in to your account

Log in with GOOGLE


If you do not have an external account, but do have a local account, you can still log in:

  1. Home
  2. MARC view: Chicken soup for the preteen soul :
Normal view MARC view ISBD view

Chicken soup for the preteen soul : (Record no. 34341)

[ view plain ]
MARC details
000 -LEADER
fixed length control field 01501cam a22003494a 4500
001 - CONTROL NUMBER
control field 12034845
003 - CONTROL NUMBER IDENTIFIER
control field OSt
005 - DATE AND TIME OF LATEST TRANSACTION
control field 20140410093748.0
008 - FIXED-LENGTH DATA ELEMENTS--GENERAL INFORMATION
fixed length control field 000608s2000 flua j 000 0 eng
010 ## - LIBRARY OF CONGRESS CONTROL NUMBER
LC control number 00044897
020 ## - INTERNATIONAL STANDARD BOOK NUMBER
International Standard Book Number 0439323371
020 ## - INTERNATIONAL STANDARD BOOK NUMBER
International Standard Book Number 1558748008 (tradepaper)
040 ## - CATALOGING SOURCE
Original cataloging agency DLC
Transcribing agency DLC
Modifying agency DLC
042 ## - AUTHENTICATION CODE
Authentication code pcc
-- lcac
050 00 - LIBRARY OF CONGRESS CALL NUMBER
Classification number BJ 1631
Item number .C465 2000
245 00 - TITLE STATEMENT
Title Chicken soup for the preteen soul :
Remainder of title 101 stories of changes, choices, and growing up for kids ages 9-13 /
Statement of responsibility, etc [compiled by] Jack Canfield ... [et al.].
260 ## - PUBLICATION, DISTRIBUTION, ETC. (IMPRINT)
Place of publication, distribution, etc Deerfield Beach, Fla. :
Name of publisher, distributor, etc Health Communications,
Date of publication, distribution, etc c2000.
300 ## - PHYSICAL DESCRIPTION
Extent xxiii, 386 p. :
Other physical details ill. ;
Dimensions 23 cm.
521 ## - TARGET AUDIENCE NOTE
Target audience note
526 ## - STUDY PROGRAM INFORMATION NOTE
Reading level 780
650 #0 - SUBJECT ADDED ENTRY--TOPICAL TERM
Topical term or geographic name as entry element Preteens
General subdivision Conduct of life
Form subdivision Anecdotes.
9 (RLIN) 27045
650 #1 - SUBJECT ADDED ENTRY--TOPICAL TERM
Topical term or geographic name as entry element Conduct of life.
9 (RLIN) 1175
700 1# - ADDED ENTRY--PERSONAL NAME
Personal name Canfield, Jack,
Dates associated with a name 1944-
9 (RLIN) 27046
856 41 - ELECTRONIC LOCATION AND ACCESS
Materials specified Sample text
Uniform Resource Identifier <a href="http://www.loc.gov/catdir/enhancements/fy0727/00044897-s.html">http://www.loc.gov/catdir/enhancements/fy0727/00044897-s.html</a>
856 42 - ELECTRONIC LOCATION AND ACCESS
Materials specified Publisher description
Uniform Resource Identifier <a href="http://www.loc.gov/catdir/enhancements/fy0727/00044897-d.html">http://www.loc.gov/catdir/enhancements/fy0727/00044897-d.html</a>
856 42 - ELECTRONIC LOCATION AND ACCESS
Materials specified Contributor biographical information
Uniform Resource Identifier <a href="http://www.loc.gov/catdir/enhancements/fy0735/00044897-b.html">http://www.loc.gov/catdir/enhancements/fy0735/00044897-b.html</a>
906 ## - LOCAL DATA ELEMENT F, LDF (RLIN)
a 7
b cbc
c orignew
d 1
e ocip
f 20
g y-gencatlg
942 ## - ADDED ENTRY ELEMENTS (KOHA)
Source of classification or shelving scheme Library of Congress Classification
Koha item type Books
Holdings
Withdrawn status Lost status Source of classification or shelving scheme Damaged status Home library Current library Shelving location Date acquired Total Checkouts Full call number Barcode Date last seen Copy number Price effective from Koha item type
    Library of Congress Classification   Luxembourg Library Luxembourg Library Scholastic Reading Center Section 10/09/2013   BJ 1631 .C465 2001 LEX2547 04/18/2017 1 10/09/2013 Books
    Library of Congress Classification   Luxembourg Library Luxembourg Library Scholastic Reading Center Section 10/09/2013   BJ 1631 .C465 2001 LEX0856 04/18/2017 2 10/09/2013 Books

Chicken soup for the preteen soul :

APA

Canfield J., . (2000). Chicken soup for the preteen soul. Deerfield Beach, Fla: Health Communications.

Chicago

Canfield Jack, . 2000. Chicken soup for the preteen soul. Deerfield Beach, Fla: Health Communications.

Harvard

Canfield J., . (2000). Chicken soup for the preteen soul. Deerfield Beach, Fla: Health Communications.

MLA

Canfield Jack, . Chicken soup for the preteen soul. Deerfield Beach, Fla: Health Communications. 2000.

  • Place hold
  • Print
  • Cite
  • Add to your cart (remove)
  • Save record
    BIBTEX Dublin Core MARCXML MARC (non-Unicode/MARC-8) MARC (Unicode/UTF-8) MARC (Unicode/UTF-8, Standard) MODS (XML) RIS
  • More searches
    Search for this title in:
    Other Libraries (WorldCat) Other Databases (Google Scholar) Online Stores (Bookfinder.com) Open Library (openlibrary.org)

Exporting to Dublin Core...

SOUTHVILLE LIBRARY

Southville International School and Colleges Library

1281 Tropical Ave. Cor. Luxembourg St., BF Homes International, Las Pinas City

Tel. No. 8256374 / 252358 Loc. 117/146

Powered by Koha